| 000 | 00946nac a22002657a 4500 | ||
|---|---|---|---|
| 001 | BR8306560 | ||
| 003 | BR-BrBNA | ||
| 005 | 20240105115916.0 | ||
| 008 | 230509b bl.|||m| |||| 00| 0 por d | ||
| 040 |
_aBR-BrBNA _bpor _cBiblioteca Nacional de Agricultura |
||
| 072 | _aJ10; N10 | ||
| 090 | _a4690 BR8306560 | ||
| 100 | 1 | _aDonzean, M. | |
| 110 | 1 |
_aCompanhia Brasileira de Armazenamento, Brasilia, DF (Brasil). Depto. de Operacoes de Unidades Frigorificas _92309 |
|
| 111 | 1 |
_aSeminario sobre Entrepostos Frigorificos _cLisboa (Portugal) _dOct 1979 |
|
| 245 | 1 | _aEconomias de energia nos entrepostos frigorificos | |
| 260 | 3 |
_aBrasilia, DF (Brasil): _c1983. |
|
| 300 | _a23 p. | ||
| 490 |
_aInformativo Tecnico DEFRI - Companhia Brasileira de Armazenamento (Brazil) _vno. 24 _x |
||
| 650 | _aFRIGORIFICO | ||
| 650 | _aENERGIA ELETRICA | ||
| 650 | _aCUSTO | ||
| 909 |
_a202312 _bLúcia Elande _c55 _dLúcia Elande |
||
| 942 |
_2AGRIS _n0 _cMS |
||
| 999 |
_c277026 _d277026 |
||